[Event "2010 U.S. Masters Championship"]
[Site "Hendersonville, NC"]
[Date "2010.03.17"]
[Round "3.2"]
[White "Pohl, Klaus A"]
[Black "Harris, Neal D"]
[Result "1-0"]
[WhiteElo "2206"]
[BlackElo "2200"]
[PlyCount "65"]
[EventDate "2010.03.13"]
[EventRounds "9"]
[EventCountry "USA"]
[SourceDate "2010.03.21"]

1. g3 d5 2. Nf3 Nf6 3. Bg2 g6 4. O-O Bg7 5. d4 O-O 6. c4 dxc4 7. Nc3 Nc6 8. Bf4
Nh5 9. Be3 a6 10. Qa4 Nf6 11. Qxc4 Be6 12. Qd3 Nd5 13. Nxd5 Bxd5 14. a3 Rb8 15.
Rac1 e6 16. Bg5 Bf6 17. Bxf6 Qxf6 18. e4 Rbd8 19. exd5 Rxd5 20. Rxc6 bxc6 21.
Qxa6 c5 22. dxc5 Qxb2 23. Ne1 Rd1 24. Nd3 Rxf1+ 25. Bxf1 Qd4 26. Qb5 Ra8 27.
Qb4 Qa1 28. Qf4 Rxa3 29. Ne5 f5 30. Kg2 Ra5 31. Nd7 Ra2 32. Bc4 Ra7 33. Qe3 1-0

[Event "2010 U.S. Masters Championship"]
[Site "Hendersonville, NC"]
[Date "2010.03.17"]
[Round "3.2"]
[White "Lyda, Nathaniel"]
[Black "Williams, Justus D"]
[Result "1/2-1/2"]
[WhiteElo "1851"]
[BlackElo "2075"]
[PlyCount "87"]
[EventDate "2010.03.13"]
[EventRounds "9"]
[EventCountry "USA"]
[SourceDate "2010.03.21"]

1. e4 c5 2. Nf3 e6 3. d4 cxd4 4. Nxd4 a6 5. Nc3 Qc7 6. Be3 b5 7. Qd2 Nf6 8. f3
Bb4 9. Nde2 Nc6 10. a3 Be7 11. Nf4 O-O 12. Bd3 b4 13. axb4 Bxb4 14. O-O d5 15.
exd5 exd5 16. Nfe2 Re8 17. Kh1 Qe7 18. Bd4 Nxd4 19. Nxd4 Qb7 20. Rfe1 Rxe1+ 21.
Rxe1 Bd7 22. Bf5 a5 23. Qd3 Rc8 24. Bxd7 Qxd7 25. Ndb5 h6 26. Rd1 Rc6 27. Ne2
Rb6 28. Nbd4 a4 29. b3 axb3 30. Nxb3 Bd6 31. Ra1 Rb8 32. Nbd4 Qc7 33. g3 Qd7
34. Nf5 Bf8 35. Ra6 Ne8 36. Kg2 Nc7 37. Ra1 Re8 38. Nfd4 g6 39. c3 h5 40. Ra7
Bc5 41. Rb7 Qc8 42. Rb2 Na8 43. Nf4 Nb6 44. Re2 1/2-1/2

[Event "2010 U.S. Masters Championship"]
[Site "Hendersonville, NC"]
[Date "2010.03.18"]
[Round "4.2"]
[White "Pohl, Klaus A"]
[Black "Dana, Maurice"]
[Result "0-1"]
[WhiteElo "2206"]
[BlackElo "2200"]
[PlyCount "78"]
[EventDate "2010.03.13"]
[EventRounds "9"]
[EventCountry "USA"]
[SourceDate "2010.03.21"]

1. e4 e5 2. Nf3 Nc6 3. Bb5 a6 4. Ba4 Nf6 5. O-O Be7 6. Re1 b5 7. Bb3 O-O 8. a4
Bb7 9. c3 d5 10. exd5 Nxd5 11. Nxe5 Nxe5 12. Rxe5 Nf4 13. d4 Nxg2 14. Qg4 Nh4
15. d5 Bf6 16. Rh5 Qe7 17. Be3 g6 18. Nd2 Bc8 19. Qg3 Nf5 20. Qg2 Nxe3 21. fxe3
Kh8 22. Rh3 Bxh3 23. Qxh3 b4 24. Rc1 bxc3 25. bxc3 Rab8 26. Qf3 Bg5 27. Re1 f5
28. Bc4 Rb2 29. Nf1 f4 30. e4 Qc5+ 31. Kh1 Qxc4 32. e5 Qc5 33. c4 Bh4 34. Rd1
Qxc4 35. Nd2 Qb4 36. Qd3 f3 37. Nc4 Ra2 38. d6 Qb7 39. Ne3 f2+ 0-1

[Event "2010 U.S. Masters Championship"]
[Site "Hendersonville, NC"]
[Date "2010.03.18"]
[Round "4.2"]
[White "Williams, Justus D"]
[Black "Pupols, Viktors"]
[Result "1-0"]
[WhiteElo "2075"]
[BlackElo "2247"]
[PlyCount "117"]
[EventDate "2010.03.13"]
[EventRounds "9"]
[EventCountry "USA"]
[SourceDate "2010.03.21"]

1. Nf3 Nf6 2. c4 e6 3. g3 d5 4. Bg2 Nbd7 5. d4 dxc4 6. O-O Be7 7. Nbd2 Nb6 8.
Qc2 c5 9. dxc5 Bxc5 10. Nxc4 Nxc4 11. Qxc4 Qb6 12. Ne5 O-O 13. Bg5 Nd7 14. Nd3
h6 15. Bd2 Be7 16. Be3 Qa5 17. Rfd1 Rb8 18. a4 Ra8 19. b4 Qf5 20. Be4 Qf6 21.
a5 a6 22. f4 e5 23. Rf1 exf4 24. Bxf4 Bd6 25. Rad1 Bxf4 26. Nxf4 Ne5 27. Qb3
Qg5 28. h4 Qg4 29. Bg2 Be6 30. Qc3 Qf5 31. Nd3 Rac8 32. Qxe5 Qg4 33. Bf3 Qc4
34. Rc1 Qa2 35. Nc5 Bh3 36. Rfd1 Rce8 37. Qa1 Rxe2 38. Qxa2 Rxa2 39. Bd5 Ra3
40. Rd3 Rxd3 41. Nxd3 Rd8 42. Nf4 g5 43. hxg5 hxg5 44. Bxf7+ Kxf7 45. Nxh3 Kf6
46. Rc7 Rb8 47. Rc5 Rd8 48. Rc7 Rb8 49. g4 Ke5 50. Rc5+ Kd4 51. Rxg5 Kc4 52.
Nf2 Kxb4 53. Nd3+ Kc4 54. Ne5+ Kd4 55. Kg2 Ke4 56. Kg3 Rd8 57. Nc4 Rd1 58. Re5+
Kd4 59. Rd5+ 1-0

[Event "2010 U.S. Masters Championship"]
[Site "Hendersonville, NC"]
[Date "2010.03.19"]
[Round "5"]
[White "Jones, Craig"]
[Black "Pohl, Klaus A"]
[Result "1-0"]
[WhiteElo "2235"]
[BlackElo "2206"]
[PlyCount "143"]
[EventDate "2010.03.13"]
[EventRounds "9"]
[EventCountry "USA"]
[SourceDate "2010.03.21"]

1. Nf3 g6 2. c4 Bg7 3. Nc3 e5 4. d4 exd4 5. Nxd4 Nc6 6. Nxc6 bxc6 7. e4 d6 8.
Be3 Nf6 9. Be2 O-O 10. O-O Re8 11. Rc1 Bd7 12. Qd3 Qe7 13. f3 Be6 14. b4 Nd7
15. f4 f5 16. Bf3 Rab8 17. b5 Nb6 18. Bxb6 axb6 19. bxc6 Ra8 20. Rfe1 Qf7 21.
exf5 Bxf5 22. Qd2 Bxc3 23. Qxc3 Qg7 24. Bd5+ Kf8 25. Qd2 Qf6 26. g3 Rxe1+ 27.
Rxe1 Re8 28. Rxe8+ Kxe8 29. Kg2 Kf8 30. h3 h5 31. Qe2 Bc8 32. h4 Bf5 33. Be4
Qe6 34. Bd3 Ke7 35. Kf2 Qxe2+ 36. Bxe2 Kf6 37. a3 Be4 38. Bf3 Kf5 39. Ke3 Bc2
40. Kd4 Bb1 41. Ke3 Bc2 42. Be2 Bb1 43. Bd1 Be4 44. g4+ hxg4 45. Bxg4+ Kxg4 46.
Kxe4 Kxh4 47. Kd5 Kg4 48. Ke6 Kxf4 49. Kd7 g5 50. Kxc7 g4 51. Kxd6 g3 52. c7 g2
53. c8=Q g1=Q 54. Qc6 Qe3 55. a4 Qe5+ 56. Kd7 Qa5 57. Kc8 Ke3 58. Kb7 Kf4 59.
Qd6+ Kg4 60. Qd7+ Kf4 61. Qb5 Qc3 62. Kxb6 Qf6+ 63. Qc6 Qb2+ 64. Ka6 Qb8 65. a5
Qb4 66. Qc7+ Kf5 67. c5 Qc4+ 68. Ka7 Qb5 69. a6 Kg5 70. c6 Qc5+ 71. Qb6 Qd5 72.
c7 1-0

[Event "2010 U.S. Masters Championship"]
[Site "Hendersonville, NC"]
[Date "2010.03.19"]
[Round "5"]
[White "Williams, Justus D"]
[Black "Mabe, Chris J"]
[Result "1-0"]
[WhiteElo "2075"]
[BlackElo "2281"]
[PlyCount "119"]
[EventDate "2010.03.13"]
[EventRounds "9"]
[EventCountry "USA"]
[SourceDate "2010.03.21"]

1. Nf3 d5 2. c4 c6 3. g3 Nf6 4. Bg2 g6 5. d4 Bg7 6. O-O O-O 7. Nc3 Nbd7 8. a3
dxc4 9. Bf4 Nd5 10. e4 Nxf4 11. gxf4 Qc7 12. Qc1 Nf6 13. Ne5 Nh5 14. Ne2 Bh6
15. Bf3 Bh3 16. Bxh5 gxh5 17. Qxc4 Qd6 18. Rfd1 Be6 19. d5 cxd5 20. exd5 Bg4
21. Nxg4 hxg4 22. f5 Kh8 23. Ng3 Bf4 24. Re1 Be5 25. Qe2 Bf6 26. Rad1 Qb6 27.
Nh5 Bh4 28. Qe5+ f6 29. Qd4 Qc7 30. Nf4 Qc2 31. Nd3 Rfd8 32. Rc1 Qb3 33. Nb4 a5
34. Rc3 Qa4 35. Rxe7 Re8 36. Rxe8+ Rxe8 37. Nc2 Qd7 38. Ne3 Bg5 39. b4 Re5 40.
bxa5 Bxe3 41. Rxe3 Qxd5 42. Qxg4 Qxa5 43. Rxe5 Qxe5 44. Qb4 Kg8 45. Qxb7 Qa1+
46. Kg2 Qxa3 47. Qb8+ Kf7 48. Qh8 h6 49. Qh7+ Ke8 50. Qg8+ Qf8 51. Qxf8+ Kxf8
52. Kg3 Ke7 53. Kg4 Kf7 54. Kh5 Kg7 55. h4 Kh7 56. Kg4 Kg7 57. Kf4 Kf7 58. Ke4
Ke7 59. Kd5 Kd7 60. h5 1-0

[Event "2010 U.S. Masters Championship"]
[Site "Hendersonville, NC"]
[Date "2010.03.19"]
[Round "5"]
[White "Dana, Maurice"]
[Black "Christensen, Wayne"]
[Result "0-1"]
[WhiteElo "2200"]
[BlackElo "2028"]
[PlyCount "102"]
[EventDate "2010.03.13"]
[EventRounds "9"]
[EventCountry "USA"]
[SourceDate "2010.03.21"]

1. e4 c5 2. Nf3 Nc6 3. d4 cxd4 4. Nxd4 Nf6 5. Nc3 e5 6. Nxc6 bxc6 7. Bd3 Be7 8.
O-O O-O 9. a4 d5 10. a5 Be6 11. Kh1 Rb8 12. Qe2 Nd7 13. f4 f6 14. f5 Bf7 15.
Qg4 Kh8 16. Rf3 Rg8 17. Rh3 Nf8 18. Qh4 Rb4 19. Qf2 Qd7 20. b3 g6 21. Ba3 Rb8
22. Bc5 Bxc5 23. Qxc5 gxf5 24. exd5 Bxd5 25. Nxd5 cxd5 26. Rd1 Ne6 27. Qf2 Nf4
28. Rg3 Rxg3 29. hxg3 Nxd3 30. Rxd3 Rg8 31. Qc5 d4 32. Qb4 Qc7 33. Qd2 Rc8 34.
Qh6 Qg7 35. Qd2 Qg5 36. Qb4 Qc1+ 37. Kh2 Qxc2 38. Qe7 Qc6 39. Qxa7 Ra8 40. Qf7
Qd6 41. b4 e4 42. Rb3 d3 43. Rb1 e3 44. b5 d2 45. Qh5 Qe5 46. Qe2 Rg8 47. b6
Qxg3+ 48. Kg1 f4 49. Rf1 f3 50. Rxf3 d1=Q+ 51. Qxd1 Qxg2# 0-1

[Event "2010 U.S. Masters Championship"]
[Site "Hendersonville, NC"]
[Date "2010.03.19"]
[Round "5"]
[White "Simpson, Ronald"]
[Black "Xin, Samuel L"]
[Result "1-0"]
[WhiteElo "2302"]
[BlackElo "2001"]
[PlyCount "76"]
[EventDate "2010.03.13"]
[EventRounds "9"]
[EventCountry "USA"]
[SourceDate "2010.03.21"]

1. Nf3 d5 2. c4 c6 3. g3 Nf6 4. Bg2 g6 5. O-O Bg7 6. d4 O-O 7. b3 Bf5 8. Nbd2
Qb6 9. Bb2 Nbd7 10. Nh4 Be6 11. Qc2 Rac8 12. e4 dxe4 13. Nxe4 Nxe4 14. Qxe4
Bxc4 15. bxc4 Qxb2 16. Qxe7 Nb6 17. d5 cxd5 18. cxd5 Qxa1 19. Rxa1 Bxa1 20. Qg5
Bg7 21. Qd2 Rfd8 22. Bf3 Nc4 23. Qd1 Ne5 24. Be4 Rc4 25. Qe2 b5 26. Nf3 Nxf3+
27. Bxf3 a6 28. Qe7 Rdc8 29. Qb7 Rc2 30. Be4 R8c7 31. Qxa6 Re2 32. d6 Rc1+ 33.
Kg2 Rxe4 34. Qa8+ Bf8 35. Qxe4 Bxd6 36. Qe8+ Kg7 37. Qxb5 Rd1 38. Qb3 Re1 1-0

[Event "2010 U.S. Masters Championship"]
[Site "Hendersonville, NC"]
[Date "2010.03.19"]
[Round "5"]
[White "Myers, Dominique"]
[Black "Lauria, Michael D"]
[Result "0-1"]
[WhiteElo "2052"]
[BlackElo "2001"]
[PlyCount "62"]
[EventDate "2010.03.13"]
[EventRounds "9"]
[EventCountry "USA"]
[SourceDate "2010.03.21"]

1. e4 c5 2. d4 cxd4 3. Nf3 Nc6 4. Nxd4 Nf6 5. Nc3 e5 6. Ndb5 d6 7. Bg5 a6 8.
Na3 b5 9. Bxf6 gxf6 10. Nd5 f5 11. Nxb5 axb5 12. Bxb5 Bd7 13. exf5 Rc8 14. Qg4
Qa5+ 15. Nc3 Nd4 16. Bxd7+ Kxd7 17. O-O h5 18. Qh3 f6 19. Ne4 Be7 20. Rad1 Rxc2
21. Rfe1 Rxb2 22. Qd3 h4 23. Rc1 d5 24. Ng5 Qd2 25. Qe3 Qxe3 26. Rxe3 Ne2+ 27.
Rxe2 Rxe2 28. Ne6 Bd6 29. h3 e4 30. Ng7 d4 31. a4 d3 0-1

[Event "2010 U.S. Masters Championship"]
[Site "Hendersonville, NC"]
[Date "2010.03.20"]
[Round "6"]
[White "Jones, Craig"]
[Black "Williams, Justus D"]
[Result "1-0"]
[WhiteElo "2235"]
[BlackElo "2075"]
[PlyCount "63"]
[EventDate "2010.03.13"]
[EventRounds "9"]
[EventCountry "USA"]
[SourceDate "2010.03.21"]

1. Nf3 c5 2. b3 e6 3. Bb2 b6 4. g3 Bb7 5. Bg2 d6 6. O-O Nf6 7. d3 Nbd7 8. Nbd2
Qc7 9. e4 Be7 10. Qe2 h6 11. Rae1 e5 12. Nh4 g6 13. f4 O-O-O 14. fxe5 dxe5 15.
Rf2 Nh5 16. Nf5 Bg5 17. Nc4 gxf5 18. Qxh5 f4 19. gxf4 Bxf4 20. Rxf4 exf4 21.
Bxh8 Rxh8 22. Qxf7 Rf8 23. Qe7 Bc6 24. Bh3 Rg8+ 25. Kf2 b5 26. Ne5 c4 27. Qe6
Qb6+ 28. Kf3 Kc7 29. Nxd7 Bxd7 30. Qxd7+ Kb8 31. bxc4 bxc4 32. Qe6 1-0

[Event "2010 U.S. Masters Championship"]
[Site "Hendersonville, NC"]
[Date "2010.03.20"]
[Round "6"]
[White "Christensen, Wayne"]
[Black "Bereolos, Peter"]
[Result "0-1"]
[WhiteElo "2028"]
[BlackElo "2325"]
[PlyCount "70"]
[EventDate "2010.03.13"]
[EventRounds "9"]
[EventCountry "USA"]
[SourceDate "2010.03.21"]

1. d4 Nf6 2. c4 g6 3. g3 Bg7 4. Bg2 O-O 5. Nf3 d6 6. O-O Nbd7 7. Nc3 e5 8. e4
exd4 9. Nxd4 Re8 10. b3 a6 11. Bb2 Rb8 12. Qc2 c5 13. Nde2 b5 14. cxb5 axb5 15.
Rad1 b4 16. Nd5 Nxd5 17. Rxd5 Bxb2 18. Qxb2 Nf6 19. Rd2 Nxe4 20. Bxe4 Rxe4 21.
Nf4 Bb7 22. f3 Re3 23. Nd5 Bxd5 24. Rxd5 Qe7 25. Rf2 Re8 26. Qd2 Re1+ 27. Kg2
Re2 28. Qd3 Rxf2+ 29. Kxf2 Qe1+ 30. Kg2 Re2+ 31. Kh3 Qf1+ 32. Kg4 Kg7 33. Rxd6
f5+ 34. Kh4 Rxh2+ 35. Kg5 Qc1+ 0-1

[Event "2010 U.S. Masters Championship"]
[Site "Hendersonville, NC"]
[Date "2010.03.20"]
[Round "6"]
[White "Pupols, Viktors"]
[Black "Simpson, Ronald"]
[Result "1-0"]
[WhiteElo "2247"]
[BlackElo "2302"]
[PlyCount "165"]
[EventDate "2010.03.13"]
[EventRounds "9"]
[EventCountry "USA"]
[SourceDate "2010.03.21"]

1. d4 Nf6 2. c4 g6 3. Nc3 Bg7 4. e4 d6 5. Nf3 O-O 6. Be2 e5 7. O-O Nc6 8. d5
Ne7 9. Ne1 Ne8 10. f3 f5 11. g4 Qd7 12. Nd3 Nf6 13. h3 Rf7 14. Be3 fxg4 15.
fxg4 h5 16. Nf2 hxg4 17. hxg4 g5 18. Bxg5 Ng6 19. Qd2 Qe8 20. Nd3 Bxg4 21. Bxg4
Nxg4 22. Qg2 Nf6 23. Rf5 Qe7 24. Raf1 Raf8 25. R1f2 Qe8 26. Qf1 Nh5 27. Rxf7
Rxf7 28. Rxf7 Qxf7 29. Qxf7+ Kxf7 30. Nb5 Bf6 31. Be3 Ng3 32. Nf2 Bd8 33. Nxa7
Nh4 34. Nb5 Ke8 35. Nc3 Kd7 36. Nfd1 Ng6 37. Kf2 Nh5 38. Kf3 Nhf4 39. Kg4 Ng2
40. Bf2 N2f4 41. Kf3 Nh4+ 42. Kg4 Nhg6 43. b3 Be7 44. Be3 Bd8 45. Nf2 Be7 46.
Nh3 Nxh3 47. Kxh3 Bh4 48. Kg4 Be1 49. Ne2 Ne7 50. Nc1 c6 51. Nd3 Ba5 52. Bg5
cxd5 53. exd5 Bb6 54. Bxe7 Kxe7 55. Kf5 Bd4 56. Ke4 b6 57. Nb4 Kd7 58. Nc2 Bf2
59. Ne3 Be1 60. Ng4 Bc3 61. Kf5 Ke7 62. Nf2 Bd2 63. Ne4 Be3 64. Kg4 Bd4 65. Kf3
Bg1 66. Ke2 Kd7 67. Kd3 Kc7 68. b4 Bd4 69. Kc2 Bg1 70. Kb3 Bd4 71. Ka4 Be3 72.
Kb5 Bd4 73. a4 Bg1 74. a5 bxa5 75. Kxa5 Bd4 76. Kb5 Kd7 77. c5 dxc5 78. bxc5
Bb2 79. c6+ Kc8 80. d6 Bd4 81. Kc4 Bb2 82. Kd5 Ba1 83. Ng5 1-0

[Event "2010 U.S. Masters Championship"]
[Site "Hendersonville, NC"]
[Date "2010.03.20"]
[Round "6"]
[White "Pohl, Klaus A"]
[Black "Mabe, Chris J"]
[Result "1-0"]
[WhiteElo "2206"]
[BlackElo "2281"]
[PlyCount "67"]
[EventDate "2010.03.13"]
[EventRounds "9"]
[EventCountry "USA"]
[SourceDate "2010.03.21"]

1. e4 c5 2. Bc4 Nc6 3. Nf3 g6 4. O-O d6 5. d4 cxd4 6. Nxd4 Bg7 7. Be3 Nf6 8.
Nc3 Ng4 9. Nxc6 bxc6 10. Bf4 O-O 11. h3 Ne5 12. Be2 Be6 13. Qd2 Re8 14. b3 Nd7
15. Be3 Qa5 16. Bd4 Ne5 17. Rad1 c5 18. Bxe5 Bxe5 19. Nd5 Qd8 20. Kh1 Bg7 21.
f4 Qd7 22. Bf3 Rac8 23. c4 f5 24. Qd3 Bd4 25. exf5 Bxf5 26. Be4 a5 27. g4 Bxe4+
28. Qxe4 Rb8 29. Rfe1 a4 30. b4 e6 31. Qxd4 exd5 32. Qxd5+ Kg7 33. bxc5 Rb2 34.
cxd6 1-0

[Event "2010 U.S. Masters Championship"]
[Site "Hendersonville, NC"]
[Date "2010.03.20"]
[Round "6"]
[White "Burnett, Ronald"]
[Black "Dana, Maurice"]
[Result "1-0"]
[WhiteElo "2408"]
[BlackElo "2200"]
[PlyCount "42"]
[EventDate "2010.03.13"]
[EventRounds "9"]
[EventCountry "USA"]
[SourceDate "2010.03.21"]

1. c4 g6 2. Nc3 Bg7 3. e4 d6 4. d4 Nf6 5. f4 O-O 6. Nf3 Bg4 7. Be2 Nc6 8. d5
Bxf3 9. Bxf3 Na5 10. Qd3 c6 11. Rb1 cxd5 12. exd5 Rc8 13. b3 Nd7 14. Be3 e5 15.
dxe6 fxe6 16. Nb5 Nc5 17. Qd2 e5 18. Nxd6 exf4 19. Qd5+ Kh8 20. Bxc5 Rxc5 21.
Nf7+ Kg8 1-0

[Event "2010 U.S. Masters Championship"]
[Site "Hendersonville, NC"]
[Date "2010.03.20"]
[Round "6"]
[White "Xin, Samuel L"]
[Black "Myers, Dominique"]
[Result "1-0"]
[WhiteElo "2001"]
[BlackElo "2052"]
[PlyCount "88"]
[EventDate "2010.03.13"]
[EventRounds "9"]
[EventCountry "USA"]
[SourceDate "2010.03.21"]

1. e4 e5 2. Nf3 Nc6 3. Bc4 Nf6 4. d4 exd4 5. e5 d5 6. Bb5 Ne4 7. Nxd4 Bc5 8.
Be3 O-O 9. Bxc6 bxc6 10. O-O Ba6 11. Re1 Re8 12. Nxc6 Bxe3 13. Rxe3 Qh4 14. Qe1
Re6 15. Nd4 Rg6 16. Nf5 Qg5 17. Ng3 Qxe5 18. Nxe4 dxe4 19. Rxe4 Qb5 20. Nc3 Qc6
21. Nd5 Rxg2+ 22. Kxg2 Qxd5 23. f3 Qc6 24. Qc3 Qxc3 25. bxc3 Kf8 26. Rd1 Bb5
27. Rb1 Bd7 28. Rd4 Ke7 29. Rb7 Kd8 30. Rc4 Rc8 31. Rxa7 c5 32. Re4 Rc6 33. Re1
Rd6 34. Kf2 g6 35. Re3 Bf5 36. Rxf7 Ra6 37. Ree7 Rxa2 38. Rb7 Rxc2+ 39. Kg3 Kc8
40. Rbe7 Rd2 41. Re8+ Rd8 42. Rxd8+ Kxd8 43. Rxh7 c4 44. Rg7 Ke8 1-0

[Event "2010 U.S. Masters Championship"]
[Site "Hendersonville, NC"]
[Date "2010.03.20"]
[Round "6"]
[White "Lauria, Michael D"]
[Black "Oody, Kyle"]
[Result "1-0"]
[WhiteElo "2001"]
[BlackElo "1885"]
[PlyCount "83"]
[EventDate "2010.03.13"]
[EventRounds "9"]
[EventCountry "USA"]
[SourceDate "2010.03.21"]

1. e4 c6 2. d4 d5 3. exd5 cxd5 4. c4 Nf6 5. Nc3 e6 6. Bg5 Be7 7. Nf3 O-O 8. Bd3
dxc4 9. Bxc4 Qc7 10. Qe2 Nc6 11. O-O a6 12. Rfd1 b5 13. Bb3 Bb7 14. d5 exd5 15.
Nxd5 Nxd5 16. Rxd5 Rfe8 17. Re1 Na5 18. Re5 Nxb3 19. axb3 Bxf3 20. Qxf3 Rac8
21. Qg4 h5 22. Qxh5 Qxe5 23. Rxe5 f6 24. Re1 fxg5 25. g3 Kf8 26. Qg6 Red8 27.
Qxa6 b4 28. Re2 Rc1+ 29. Kg2 Rcd1 30. Qe6 R8d7 31. Qf5+ Kg8 32. Rc2 Rd8 33. Rc7
Bf6 34. Qe6+ Kh8 35. Rc5 R1d2 36. Rf5 R8d6 37. Qe8+ Kh7 38. h4 Kh6 39. h5 Kh7
40. Qg6+ Kg8 41. h6 Bxb2 42. h7+ 1-0

[Event "2010 U.S. Masters Championship"]
[Site "Hendersonville, NC"]
[Date "2010.03.20"]
[Round "7"]
[White "Pupols, Viktors"]
[Black "Jones, Craig"]
[Result "1/2-1/2"]
[WhiteElo "2247"]
[BlackElo "2235"]
[PlyCount "72"]
[EventDate "2010.03.13"]
[EventRounds "9"]
[EventCountry "USA"]
[SourceDate "2010.03.21"]

1. d4 d5 2. c4 e6 3. Nc3 c5 4. cxd5 cxd4 5. Qxd4 Nc6 6. Qd1 exd5 7. Qxd5 Be6 8.
Qxd8+ Rxd8 9. e3 Nb4 10. Bb5+ Ke7 11. Kf1 a6 12. Be2 Nf6 13. Nf3 Nc2 14. Rb1 h6
15. Ne1 Bf5 16. Nxc2 Bxc2 17. Ra1 Ke8 18. f3 Bb4 19. Kf2 Ke7 20. e4 Rc8 21. e5
Bxc3 22. bxc3 Nd7 23. Ba3+ Ke6 24. f4 Rxc3 25. Bb2 Rc7 26. Rac1 Rhc8 27. Rhe1
g5 28. g3 gxf4 29. gxf4 Bf5 30. Rxc7 Rxc7 31. Rc1 Rxc1 32. Bxc1 b5 33. a4 bxa4
34. Bc4+ Ke7 35. Ba3+ Ke8 36. Bxa6 f6 1/2-1/2

[Event "2010 U.S. Masters Championship"]
[Site "Hendersonville, NC"]
[Date "2010.03.20"]
[Round "7"]
[White "Bereolos, Peter"]
[Black "Pohl, Klaus A"]
[Result "1-0"]
[WhiteElo "2325"]
[BlackElo "2206"]
[PlyCount "115"]
[EventDate "2010.03.13"]
[EventRounds "9"]
[EventCountry "USA"]
[SourceDate "2010.03.21"]

1. d4 d6 2. e4 Nf6 3. Nc3 Nbd7 4. Nf3 e5 5. Bc4 Be7 6. O-O O-O 7. a4 c6 8. Ba2
b6 9. Re1 Bb7 10. Nh4 exd4 11. Qxd4 g6 12. Bh6 Re8 13. Nf3 Bf8 14. Bxf8 Nxf8
15. Rad1 c5 16. Qxd6 Qxd6 17. Rxd6 Nxe4 18. Nxe4 Rxe4 19. Bxf7+ Kg7 20. Rxe4
Bxe4 21. Bd5 Re8 22. Bxe4 Rxe4 23. b3 Re2 24. Rd2 Re7 25. Kf1 Ne6 26. g3 Kf6
27. c3 Rb7 28. Rd6 Re7 29. Nd2 Kg7 30. f4 Nf8 31. Kf2 Ne6 32. Nf3 Nf8 33. Ng5
Kg8 34. h3 Kg7 35. g4 h6 36. Nf3 Re4 37. a5 Rxf4 38. axb6 axb6 39. Rxb6 Rf7 40.
Kg3 Re7 41. Rc6 Rb7 42. Nd2 Rd7 43. Ne4 Rd3+ 44. Kf2 Rxh3 45. Rc7+ Kg8 46. Rxc5
Ne6 47. Rc6 Kf7 48. b4 Rh2+ 49. Kg3 Rb2 50. b5 Ke7 51. Rb6 g5 52. Kf3 Rb1 53.
Nd6 Rc1 54. Nf5+ Kd7 55. Rd6+ Kc7 56. Rxe6 Rxc3+ 57. Ne3 Rb3 58. b6+ 1-0

[Event "2010 U.S. Masters Championship"]
[Site "Hendersonville, NC"]
[Date "2010.03.20"]
[Round "7"]
[White "Williams, Justus D"]
[Black "Christensen, Wayne"]
[Result "1-0"]
[WhiteElo "2075"]
[BlackElo "2028"]
[PlyCount "59"]
[EventDate "2010.03.13"]
[EventRounds "9"]
[EventCountry "USA"]
[SourceDate "2010.03.21"]

1. Nf3 Nc6 2. c4 e5 3. Nc3 Nf6 4. g3 d5 5. cxd5 Nxd5 6. Bg2 Nb6 7. O-O Be7 8.
d3 O-O 9. a3 Be6 10. Na4 Rb8 11. b4 Nd4 12. Nxd4 exd4 13. Bb2 Bd5 14. Bxd5 Qxd5
15. Rc1 c6 16. Nc5 Rfd8 17. Nb3 Bf6 18. Rc5 Qe6 19. Nd2 Qh3 20. e3 Nd5 21. exd4
Nc7 22. Ne4 Bxd4 23. Bxd4 Rxd4 24. Qf3 Qd7 25. Rg5 Ne8 26. Rd1 Rd8 27. Nc5 Qe7
28. Qe3 Qc7 29. Re5 Qc8 30. Rxe8+ 1-0

[Event "2010 U.S. Masters Championship"]
[Site "Hendersonville, NC"]
[Date "2010.03.20"]
[Round "7"]
[White "Burnett, Ronald"]
[Black "Simpson, Ronald"]
[Result "1/2-1/2"]
[WhiteElo "2408"]
[BlackElo "2302"]
[PlyCount "97"]
[EventDate "2010.03.13"]
[EventRounds "9"]
[EventCountry "USA"]
[SourceDate "2010.03.21"]

1. e4 c5 2. Nf3 Nc6 3. d4 cxd4 4. Nxd4 Nf6 5. Nc3 d6 6. Be2 e5 7. Nb3 Be7 8.
Be3 O-O 9. g4 h6 10. h4 Nh7 11. Qd2 a5 12. a4 Be6 13. g5 hxg5 14. hxg5 Bxg5 15.
O-O-O Bxe3 16. fxe3 g6 17. Bc4 Bxc4 18. Qh2 Kg7 19. Qxh7+ Kf6 20. Nd2 Be6 21.
Nd5+ Bxd5 22. exd5 Nb4 23. Rhg1 Ke7 24. Rxg6 Qc7 25. c3 Nxd5 26. Ne4 Rh8 27.
Qg7 Rag8 28. Nf6 Rxg7 29. Nxd5+ Kf8 30. Rxg7 Qc6 31. Rg4 f5 32. Rg5 Qxa4 33.
Rxf5+ Ke8 34. Rf2 Rh1 35. Rxh1 Qa1+ 36. Kc2 Qxh1 37. Rd2 Kd7 38. c4 Qf1 39. b3
b5 40. cxb5 Qxb5 41. Nc3 Qc5 42. e4 Ke6 43. Rd5 Qf2+ 44. Rd2 Qb6 45. Nd5 Qc5+
46. Nc3 Kf7 47. Rd5 Qf2+ 48. Kc1 Qb6 49. Kc2 1/2-1/2

[Event "2010 U.S. Masters Championship"]
[Site "Hendersonville, NC"]
[Date "2010.03.20"]
[Round "7"]
[White "Mabe, Chris J"]
[Black "Xin, Samuel L"]
[Result "0-1"]
[WhiteElo "2281"]
[BlackElo "2001"]
[PlyCount "96"]
[EventDate "2010.03.13"]
[EventRounds "9"]
[EventCountry "USA"]
[SourceDate "2010.03.21"]

1. e4 e5 2. Nf3 Nc6 3. d4 exd4 4. Nxd4 Bc5 5. Nxc6 Qf6 6. Qf3 dxc6 7. Bc4 Qxf3
8. gxf3 Nf6 9. Rg1 O-O 10. Bh6 Ne8 11. Nd2 Be6 12. Bd3 Rd8 13. Ke2 f5 14. Nc4
fxe4 15. fxe4 Rxf2+ 16. Ke1 Rxh2 17. Be3 Bxe3 18. Nxe3 Nd6 19. Nf1 Rh4 20. Ng3
Nf7 21. Rg2 Ne5 22. Ke2 Bg4+ 23. Ke3 Rf8 24. Kd4 Nf3+ 25. Kc3 Rh2 26. Rxh2 Nxh2
27. e5 Nf3 28. Bc4+ Kh8 29. Rf1 Re8 30. e6 b5 31. Bb3 h6 32. Ne4 Bxe6 33. Rxf3
Bxb3 34. cxb3 Rxe4 35. Kd3 Re6 36. Rf7 h5 37. Rxc7 h4 38. Rxa7 Kg8 39. Ra8+ Kh7
40. Rf8 g5 41. a4 bxa4 42. bxa4 h3 43. a5 Re1 44. Rf7+ Kg6 45. Rf2 g4 46. b4 g3
47. Rf3 g2 48. Rg3+ Kf5 0-1

[Event "2010 U.S. Masters Championship"]
[Site "Hendersonville, NC"]
[Date "2010.03.20"]
[Round "7"]
[White "Dana, Maurice"]
[Black "Lauria, Michael D"]
[Result "1-0"]
[WhiteElo "2200"]
[BlackElo "2001"]
[PlyCount "85"]
[EventDate "2010.03.13"]
[EventRounds "9"]
[EventCountry "USA"]
[SourceDate "2010.03.21"]

1. e4 c5 2. Nf3 Nc6 3. Nc3 d6 4. g3 g6 5. Bg2 Bg7 6. O-O Bg4 7. h3 Bd7 8. d3
Nf6 9. Nh4 Qb6 10. Kh2 Nd4 11. Ne2 Nc6 12. f4 h6 13. Nc3 O-O-O 14. Nf3 h5 15.
e5 dxe5 16. Nxe5 Be6 17. Nxc6 bxc6 18. Qe2 Nd5 19. Ne4 c4 20. dxc4 Nc7 21. Ng5
Rd7 22. Be3 Qxb2 23. Rab1 Qxa2 24. Rb3 Rd6 25. Ne4 a5 26. Rfb1 Kd7 27. Nc5+ Kd8
28. Rb8+ Bc8 29. Nb7+ Kd7 30. Nxd6 exd6 31. R1b6 d5 32. cxd5 Nxd5 33. Rxc6 Kxc6
34. Qb5+ Kd6 35. Qc5+ Kd7 36. Bxd5 Qa4 37. Ra8 Bb7 38. Ra7 Rb8 39. Bxb7 Ke6 40.
Bd5+ Kf5 41. Rxf7+ Bf6 42. Bg2+ Ke6 43. Qd5# 1-0

[Event "2010 U.S. Masters Championship"]
[Site "Hendersonville, NC"]
[Date "2010.03.20"]
[Round "7"]
[White "Myers, Dominique"]
[Black "Thompson, James C"]
[Result "0-1"]
[WhiteElo "2052"]
[BlackElo "1844"]
[PlyCount "93"]
[EventDate "2010.03.13"]
[EventRounds "9"]
[EventCountry "USA"]
[SourceDate "2010.03.21"]

1. e4 c5 2. d4 cxd4 3. Nf3 Nc6 4. Nxd4 Nf6 5. Nc3 d6 6. Bg5 Bd7 7. Qd2 Rc8 8.
Be2 Nxd4 9. Qxd4 Qa5 10. f4 h6 11. Bh4 a6 12. e5 Rxc3 13. bxc3 dxe5 14. fxe5
Nd5 15. O-O e6 16. Kh1 Bc5 17. Qg4 O-O 18. Bd3 Ne3 19. Qe4 Nf5 20. Rf4 Bc6 21.
Qe2 Qxc3 22. Raf1 Ne3 23. Rg4 Rc8 24. Bf6 Nxg4 25. Qxg4 Bf8 26. a4 Qb4 27. Rf4
Qe1+ 28. Rf1 Qb4 29. Qg3 Qd2 30. Bh4 g5 31. Rf2 Qe1+ 32. Bf1 Bg7 33. h3 gxh4
34. Qxh4 Qxe5 35. Qg4 Qg5 36. Qb4 Bf8 37. Qc4 Rd8 38. Bd3 Bd6 39. h4 Qg3 40.
Kg1 Be5 41. Kf1 Bd4 42. Rd2 Qe3 43. Qb4 Qg1+ 44. Ke2 Bxg2 45. Bh7+ Kxh7 46. Kd3
Qf1+ 47. Re2 0-1